| 000 | 00631 a2200253 4500 | ||
|---|---|---|---|
| 001 | 25189 | ||
| 003 | TR-AnTOB | ||
| 005 | 20250124154016.0 | ||
| 008 | 110210s2000 xxk 000 0 | ||
| 020 | _a0194230163 | ||
| 040 |
_aTR-AnTOB _beng _cTR-AnTOB _erda |
||
| 041 | 0 | _aeng | |
| 050 | 0 | 0 |
_aPE1128 _b.S73 2000 |
| 099 | _aPE EASY OXF GIL 2000 | ||
| 100 | 1 |
_aGilbert, Harry _920482 |
|
| 245 | 1 | 4 |
_aThe Star zoo / _cHarry Gilbert. |
| 264 | 1 |
_aOxford : _bOxford University Press, _c2000. |
|
| 300 | _a72 s. | ||
| 490 | 0 | _aOxford bookworms library.Stage 3 | |
| 650 | 0 |
_aReaders _967599 |
|
| 902 | _a0013446 | ||
| 942 |
_cBK _2lcc |
||
| 999 |
_c25189 _d11617 |
||